Historia universal: las grandes corrientes de la historia
Saved in:
| Hovedforfatter: | |
|---|---|
| Format: | Bog |
| Sprog: | spansk |
| Udgivet: |
Barcelona
Océano
1982
|
| Fag: | |
| Tags: |
Tilføj Tag
Ingen Tags, Vær først til at tagge denne postø!
|
MARC
| LEADER | 00000nam a2200000 a 4500 | ||
|---|---|---|---|
| 001 | UCT3331 | ||
| 003 | CL-VaPUC | ||
| 008 | 961018e19820000SP |||||||||||||||||spa|d | ||
| 082 | 0 | 4 | |a 909 |b PIR |2 21 |
| 100 | 0 | |a Pirenne, Jacques |e author |9 372261 | |
| 245 | 1 | 0 | |a Historia universal: las grandes corrientes de la historia |
| 300 | |a v | ||
| 942 | |c BK | ||
| 945 | |d 19961018 00:00:00 |a lriquelm | ||
| 260 | |a Barcelona |b Océano |c 1982 | ||
| 500 | |a v.1: Desde los orígenes al Islam | ||
| 500 | |a v.2: Desde el Islam al Renacimiento | ||
| 500 | |a v.3: Desde el Renacimiento hasta la formación de los grandes estados continentales de Europa | ||
| 500 | |a v.4: El siglo XVIII liberal y capitalista | ||
| 500 | |a v.5: La revolución francesa | ||
| 500 | |a v.8: La segunda guerra mundial | ||
| 500 | |a v.9: Los años de posguerra | ||
| 500 | |a v.10: Un nuevo mundo en gestión | ||
| 650 | 0 | |a Civilizaciones antiguas |9 265998 | |
| 650 | 7 | |a ISLAM |2 CL-VaPUC |9 349147 | |
| 650 | 0 | |a Edad media |9 258041 | |
| 650 | 0 | |a Renacimiento |9 255107 | |
| 650 | 0 | |a Liberalismo |9 255715 | |
| 650 | 0 | |a Revolución francesa |9 324244 | |
| 650 | 0 | |a Segunda Guerra Mundial |9 325982 | |
| 650 | 0 | |a Posguerra |9 372262 | |
| 650 | 0 | |a Historia moderna |9 268036 | |
| 651 | 7 | |a PERSIA |2 CL-VaPUC |9 316501 | |
| 651 | 0 | |a Grecia |9 265314 | |
| 651 | 0 | |a Roma |9 255106 | |
| 651 | 0 | |a China |9 257545 | |
| 583 | |a last modification |c 20160817 11:15:54 |k Rodrigo Vera | ||
| 999 | |c 253023 |d 253021 | ||